Social justice and the mission of the church (Registro nro. 64070)
[ vista simple ]
| 000 -LÍDER | |
|---|---|
| Campo fijo de descripción fija | 01853nab a2200265 4500 |
| 001 - NÚMERO DE CONTROL | |
| Campo de control | 768714001 |
| 003 - IDENTIFICADOR DEL NÚMERO DE CONTROL | |
| Campo de control | CO-MdFUSB |
| 005 - FECHA Y HORA DE LA ULTIMA TRANSACCIÓN | |
| control field | 20240313151605.0 |
| 008 - ELEMENTOS DE LONGITUD FIJA -- INFORMACIÓN GENERAL | |
| Campo fijo de descripción fija -- Información general | 171010s2016 xxu||||| |||| 00| 0 eng d |
| 022 ## - NÚMERO INTERNACIONAL NORMALIZADO PARA PUBLICACIONES SERIADAS | |
| Número Internacional Normalizado para Publicaciones Seriadas | 1669-8649 |
| 040 ## - FUENTE DE CATALOGACIÓN | |
| Agencia Catalogadora | CO-MdFUSB |
| Idioma de catalogación | spa |
| Agencia que realiza la transcripción | CO-MdFUSB |
| Agencia que realiza la modificación | CO-MdFUSB |
| 041 ## - CÓDIGO DE IDIOMA | |
| Código de idioma para texto/pista de sonido o título separado | eng |
| 100 ## - ASIENTO PRINCIPAL--NOMBRE PERSONAL | |
| Nombre personal | Wieland, Alfonso |
| Término relacionador | autor |
| 242 ## - TRADUCCIÓN DEL TÍTULO POR AGENCIA CATALOGADORA | |
| Traducción del título | Justicia social y la misión de la iglesia |
| 245 ## - TÍTULO | |
| Título | Social justice and the mission of the church |
| Mención de responsabilidad | / Alfredo Wieland |
| 300 ## - DESCRIPCIÓN FÍSICA | |
| Extensión | Volumen 11, número 1 (2016), páginas 99-102 |
| Dimensiones | : 20 cm. |
| 520 1# - NOTA DE RESUMEN, ETC. | |
| Nota de sumario, etc. | La biblia habla sobre la justicia en términos de relación entre seres humanos y otros seres humanos, Dios y la misma creación. La justicia es una clara señal en el Reino de Dios en ambos presente y futuro, un requisito ético que es tan personal como en los social, porque de las injusticias que ocurren en las relaciones sociales, Dios demanda fidelidad a la justicia, particularmente a su pueblo escogido pero también a todas las naciones. Las injusticias son casi siempre el abuso de poder individual o estructural, o ambos. Pero aquellos que mantienen una postura neutral o indiferente frente a la violación de los derechos de otros también serán acusados de injusticia. |
| 546 ## - NOTA DE IDIOMA | |
| Nota de idioma | Texto en inglés |
| 650 #7 - ASIENTO SECUNDARIO DE MATERIA - TERMINO TEMÁTICO | |
| 9 (RLIN) | 6929 |
| Término temático o nombre geográfico como elemento de entrada | Justicia social |
| Subdivisión general | Aspectos religiosos |
| -- | Cristianismo |
| 773 ## - ASIENTO DE ITEM FUENTE | |
| Biblionumber | 49416 |
| Itemnumber | 76183 |
| Parte(s) relacionada(s) / Volumen., número. (mes año), páginas | Volumen 11, número 1 (2016), páginas 99-102 |
| Enumeración y primera página | Página 99 |
| Título | Journal of Latin American Theology |
| 773 ## - ASIENTO DE ITEM FUENTE | |
| Biblionumber | 49416 |
| Itemnumber | 82396 |
| Parte(s) relacionada(s) / Volumen., número. (mes año), páginas | Volumen 11, número 1 (2016), páginas 99-102 |
| Enumeración y primera página | Página 99 |
| Título | Journal of Latin American Theology |
| 773 ## - ASIENTO DE ITEM FUENTE | |
| Biblionumber | 49416 |
| Itemnumber | 82481 |
| Parte(s) relacionada(s) / Volumen., número. (mes año), páginas | Volumen 11, número 1 (2016), páginas 99-102 |
| Enumeración y primera página | Página 99 |
| Título | Journal of Latin American Theology |
| 773 ## - ASIENTO DE ITEM FUENTE | |
| Biblionumber | 49416 |
| Itemnumber | 82482 |
| Parte(s) relacionada(s) / Volumen., número. (mes año), páginas | Volumen 11, número 1 (2016), páginas 99-102 |
| Enumeración y primera página | Página 99 |
| Título | Journal of Latin American Theology |
| 942 ## - TIPO DE MATERIAL (KOHA) | |
| Tipo de Item KOHA | Artículos de Revista |
No hay ítems disponibles.
